Idioms and phrases / (Record no. 41890)

MARC details
000 -LEADER
fixed length control field 00688nam a22002057a 4500
005 - DATE AND TIME OF LATEST TRANSACTION
control field 20100814135038.0
010 ## - LCCN (DPL NO)
LC control number ENG-100356
020 ## - INTERNATIONAL STANDARD BOOK NUMBER
International Standard Book Number 9788190798594
Terms of availability 40.00
035 ## - SYSTEM CONTROL NUMBER
System control number EN-83888
037 ## - SOURCE OF ACQUISITION
Source of stock number/acquisition DBAD/PUB
082 ## - DEWEY DECIMAL CLASSIFICATION NUMBER
Classification number 483
100 ## - MAIN ENTRY--PERSONAL NAME
Personal name Vijayakumar, M.
245 ## - TITLE STATEMENT
Title Idioms and phrases /
Statement of responsibility, etc by M. Vijayakumar
260 ## - PUBLICATION, DISTRIBUTION, ETC. (IMPRINT)
Place of publication, distribution, etc Chennai
Name of publisher, distributor, etc Firepen Publication
Date of publication, distribution, etc 2009
270 ## - ADDRESS
Address 11A, 1st Floor Somu Street, 4th Lane, Royapuram
City Chennai
Postal code 600013
300 ## - PHYSICAL DESCRIPTION
Extent iii, 151p.
Dimensions 20cm (pbk)
650 ## - SUBJECT ADDED ENTRY--TOPICAL TERM
Topical term or geographic name as entry element Subject heading
942 ## - ADDED ENTRY ELEMENTS (KOHA)
Source of classification or shelving scheme Dewey Decimal Classification
Item type English Books
Classification part 483
Call number suffix VIJ
Holdings
Withdrawn status Lost status Not for loan Collection code Home library Current library Date acquired Source of acquisition Cost, normal purchase price Full call number Barcode Copy number Cost, replacement price Koha item type
    Not For Loan Non-fiction D.B.Act.Division D.B.Act.Division 14/08/2010 DBAD/PUB 40.00 483 VIJ EN-83888 1 40.00 English Books

© Delhi Public Library
Hit Counter
free hit counter